Groundwater resources of pakistan / (Record no. 694)
[ view plain ]
| 000 -LEADER | |
|---|---|
| fixed length control field | 00355 a2200109 4500 |
| 082 ## - DEWEY DECIMAL CLASSIFICATION NUMBER | |
| Classification number | 553.7909 NAZ |
| 100 ## - MAIN ENTRY--PERSONAL NAME | |
| Personal name | Nazir Ahmed, Dr. |
| 245 ## - TITLE STATEMENT | |
| Title | Groundwater resources of pakistan / |
| Statement of responsibility, etc. | Dr. Nazir Ahmed |
| 250 ## - EDITION STATEMENT | |
| Edition statement | Revised & Enlarged Edition |
| 260 ## - PUBLICATION, DISTRIBUTION, ETC. | |
| Place of publication, distribution, etc. | Lahore : |
| Name of publisher, distributor, etc. | Shahzad Nazir, |
| Date of publication, distribution, etc. | 1995 |
| 300 ## - PHYSICAL DESCRIPTION | |
| Extent | varies pages : |
| Other physical details | ill., some col. ; |
| Dimensions | 24 cm. |
| 650 ## - SUBJECT ADDED ENTRY--TOPICAL TERM | |
| Topical term or geographic name entry element | Groundwater resources -- Pakistan |
| Withdrawn status | Lost status | Damaged status | Not for loan | Permanent Location | Current Location | Shelving location | Date acquired | Total Checkouts | Full call number | Barcode | Date last seen | Date last checked out | Price effective from | Koha item type |
|---|---|---|---|---|---|---|---|---|---|---|---|---|---|---|
| School of Civil and Environmental Engineering (SCEE) | School of Civil and Environmental Engineering (SCEE) | 1 | 553.7909 NAZ | NIT-586 | 02/21/2020 | 01/03/2020 | 01/05/2017 | Book |
